Principles of Geomorphology/ (Record no. 2006)
[ view plain ]
| 000 -LEADER | |
|---|---|
| fixed length control field | 00386nam a22001577a 4500 |
| 020 ## - ISBN | |
| International Standard Book Number | 8123908113 |
| 050 ## - LIBRARY OF CONGRESS CALL NUMBER | |
| Classification Number | QE601 |
| Item Number | .T46 |
| 100 ## - MAIN ENTRY--Author | |
| Personal name | Thornbury William D. |
| 245 ## - TITLE | |
| Title | Principles of Geomorphology/ |
| 250 ## - EDITIONSTATEMENT | |
| Edition statement | 2nd Edition |
| 260 ## - PUBLICATION, DISTRIBUTION, ETC.(IMPRINT) | |
| Place of publication, distribution, etc | New Delhi |
| Name of publisher, distributor, etc | CBS Publishers |
| Date of publication, distribution, etc | 2002 |
| 300 ## - PHYSICAL DESCRIPTION | |
| Extent | xi,594p. |
| 500 ## - GENERALNOTE | |
| General note | Includes Index |
| 650 ## - SUBJECT--TOPIC | |
| Topical term following geographic name as entry element | Principles of Geomorphology |
| 942 ## - ADDED ENTRY ELEMENTS(KOHA) | |
| Koha item type | General circulation |
| Source of classification or shelving scheme | Not for loan | Location (home branch) | Sublocation (holding branch) | Date accessioned | Cost, normal purchase price | Full call number | Barcode | Copy number | Cost, replacement price | Nonpublic note | Koha item type | Public note | Source of acquisition |
|---|---|---|---|---|---|---|---|---|---|---|---|---|---|
| Library of Congress Classification | Main Campus Library | Main Campus Library | 27/08/2014 | 3875.85 | QE601 .T46 | 2019/022858 | C.1 | 4375.85 | BONNIE | General circulation | BONNIE | ||
| Library of Congress Classification | Main Campus Library | Main Campus Library | 27/08/2014 | 3875.85 | QE601 .T46 | 2019/022856 | C.2 | 4375.85 | BONNIE | General circulation | BONNIE | ||
| Library of Congress Classification | Main Campus Library | Main Campus Library | 27/08/2014 | 3875.85 | QE601 .T46 | 2019/022860 | C.3 | 4375.85 | BONNIE | General circulation | BONNIE | ||
| Library of Congress Classification | Main Campus Library | Main Campus Library | 27/08/2014 | 3875.85 | QE601 .T46 | 2019/022857 | C.4 | 4375.85 | BONNIE | General circulation | BONNIE | ||
| Library of Congress Classification | Main Campus Library | Main Campus Library | 27/08/2014 | 3875.85 | QE601 .T46 | 6612 | C.1 | 4375.85 | BONNIE | General circulation | BONNIE | ||
| Library of Congress Classification | Main Campus Library | Main Campus Library | 23/09/2020 | QE601 .T46 | 2019/022859 | General circulation | Donation |